ბათუმის შოთა რუსთაველის სახელმწიფო უნივერსიტეტის ბიბლიოთეკა

ქართული გენი იბერიის ცივილიზაციათა სათავეებთან : (ბიბ.ჩანაწერი № 38969)

000 -ლიდერი
ფიქსირებული სიგრძის საკონტროლო ველი 01323nam a2200265Ia 4500
001 - საკონტროლო ნომერი
საკონტროლო ველი 5424
003 - საკონტროლო ნომრის იდენტიფიკატორი
საკონტროლო ველი GE_BSU
005 - ბოლო ოპერაციის თარიღი და დრო
საკონტროლო ველი 20191023110051.0
008 - ფიქსირებული სიგრძის მონაცემთა ელემენტები - ზოგადი ინფორმაცია
ფიქსირებული სიგრძის საკონტროლო ველი 181216s||||||||xx |||||||||||||| ||und||
020 ## - წიგნის საერთაშორისო სტანდარტული ნომერი
International Standard Book Number 9789941046995
040 ## - კატალოგიზაციის წყარო
Transcribing agency GE_BSU
041 ## - ენის კოდი
Language code of text/sound track or separate title geo
080 ## - უნივერსალური ათობითი კლასიფიკაციის ინდექსი
Universal Decimal Classification number 94(479.22)
100 ## - მთავარი ჩანაწერი - პიროვნების სახელი
Personal name ხანიაშვილი, ნაზი
9 (RLIN) 1938
245 ## - ცნობა სათაურის შესახებ
Title ქართული გენი იბერიის ცივილიზაციათა სათავეებთან :
Remainder of title ეძღვნება ქართველთა მეფე ფარნავაზის მეფობის 4300 წლისთავს /
Statement of responsibility, etc ნაზი ხანიაშვილი.
264 ## - წარმოების, გამოცემის, დისტრიბუციის და სხვა ცნობები
გამოცემის, წარმოების, დისტრიბუციის... ადგილი თბილისი,
გამოცემის, წარმოების, დისტრიბუციის... თარიღი 2012.
300 ## - ფიზიკური აღწერა
Extent 422 გვ. ;
Other physical details 21 სმ.
500 ## - ზოგადი შენიშვნა
General note გარეკანზე: "ოქროს საწმისი"-სიღნაღის ისტორიულ-ეთნოგრაფიული მუზეუმის ექსპონატი.
653 ## - INDEX TERM--UNCONTROLLED
Uncontrolled term ქართული ანბანი;
653 ## - INDEX TERM--UNCONTROLLED
Uncontrolled term ქართული ცნობიერება;
653 ## - INDEX TERM--UNCONTROLLED
Uncontrolled term კაბალა;
653 ## - INDEX TERM--UNCONTROLLED
Uncontrolled term მითოლოგია;
653 ## - INDEX TERM--UNCONTROLLED
Uncontrolled term სამყაროს გენეტიკური კოდი;
942 ## - ADDED ENTRY ELEMENTS (KOHA)
Koha item type წიგნი
Source of classification or shelving scheme
ეგზემპლარები
ჩამოწერის სტატუსი დაკარგული ეგზემპლარის სტატუსი კლასიფიკაციის წყარო ან თაროზე გაწყობის სქემა დაზიანების სტატუსი არ გაიცემა მუდმივი მდებარეობა (დაცვის ადგილი) ამჟამინდელი ადგილსამყოფელი თაროზე განთავსების ადგილი შეძენის თარიღი სრული შენახვის შიფრი შტრიხკოდი ბოლო ოპერაციის თარიღი ეგზემპლარის მიმდევრობითი ნომერი (კეტერი?) ფასის ძალაში შესვლის თარიღი ეგზემპლარის სახეობა ღირებულება, შესყიდვის ნორმალური ფასი Uniform Resource Identifier საჯარო შენიშვნა
          ბათუმის შოთა რუსთაველის სახელმწიფო უნივერსიტეტის მთავარი ბიბლიოთეკა ბათუმის შოთა რუსთაველის სახელმწიფო უნივერსიტეტის მთავარი ბიბლიოთეკა წიგნსაცავი 2018-12-17 94(479.22) ხ-28 6438 2018-12-17 6438 2018-12-17 წიგნი      
          ბათუმის შოთა რუსთაველის სახელმწიფო უნივერსიტეტის მთავარი ბიბლიოთეკა ბათუმის შოთა რუსთაველის სახელმწიფო უნივერსიტეტის მთავარი ბიბლიოთეკა წიგნსაცავი 2018-12-17 94(479.22) ხ-28 6437 2018-12-17 6437 2018-12-17 წიგნი      
          ბათუმის შოთა რუსთაველის სახელმწიფო უნივერსიტეტის მთავარი ბიბლიოთეკა ბათუმის შოთა რუსთაველის სახელმწიფო უნივერსიტეტის მთავარი ბიბლიოთეკა წიგნსაცავი 2023-03-29 94(479.22) ხ-28 64146 2023-03-29 64146 2023-03-29 წიგნი 6.00 ბსუ-ს საპატიო დოქტორის გურამ ლორთქიფანიძის საჩუქარი 6.00